000 00565nas a2200217 4500
001 BR9603444
003 BR-BrBNA
005 20231205094825.0
007 ta
008 230509b bl.|||p| |||| 00| 00por d
040 _aBR-BrBNA
_bpor
_cBiblioteca Nacional de Agricultura
041 _a(Pt)
072 _aF30
100 1 _aRego, P.G.
245 1 _aOrigem da canola
650 _aColza
650 _aVariedade
773 0 _tRevista Batavo (Brazil)
_x
_g(Jan 1992), v. 1(3) p. 10
_wBR9603444
909 _a202311
_bLúcia
_c55
_dLúcia Elande
942 _2AGRIS
_n0
_cANA
999 _c147086
_d147086